| 000 | 01005nam a2200229 i 4500 | ||
|---|---|---|---|
| 001 | 185314 | ||
| 003 | SpMaBN | ||
| 005 | 20240111174112.0 | ||
| 008 | 160519s2016 sp ap |||| |dspa d | ||
| 080 | _a615(599)"15/18" | ||
| 100 | 1 |
_aCastillo García, Benito del. _936744 |
|
| 245 | 1 | 0 |
_aHuella farmaceútica española en Filipinas _b: discurso leído en la solemne sesión inaugural del curso celebrada el 14 de enero de 2016 por el Excmo. Sr. D. Benito del Castillo García. |
| 260 |
_aMadrid : _bReal Academia Nacional de Farmacia, _c2016. |
||
| 300 |
_a149 p. : _bil. ; _c25 cm. |
||
| 504 | _aBibliografía: p. 145-149. | ||
| 650 | 7 |
_aFarmacia- _zFilipinas _2 _9159569 |
|
| 710 | 2 |
_aReal Academia Nacional de Farmacia (España) _9148565 |
|
| 852 |
_aES-MaACL _jA-13753 _9192339 _bR.151076 _cDEPO1 _dOlim: N-6753 _gDedicatoria autógrafa del autor _hDonación: Benito del Castillo García |
||
| 903 |
_936744 _aCastillo García, Benito del _ednr |
||
| 942 |
_2udc _cMONOGRAFIA |
||
| 999 |
_c185314 _d185314 |
||